[Event "British Universities-ch"]
[Site "Chess.com INT"]
[Date "2022.03.05"]
[Round "7.1"]
[White "Cotton, Neo"]
[Black "Bott, Simeon"]
[Result "0-1"]
[WhiteElo "1063"]
[BlackElo "1749"]
[PlyCount "342"]
[EventDate "2022.03.05"]
[EventType "swiss"]
[EventRounds "9"]
[EventCountry "ENG"]
[SourceTitle "EXT 2023"]
[Source "ChessBase"]
[SourceDate "2022.10.05"]
[SourceVersion "1"]
[SourceVersionDate "2022.10.05"]
[SourceQuality "1"]
[WhiteTeam "Cardiff III"]
[BlackTeam "Warwick (Knights) VII"]
[WhiteTeamCountry "WLS"]
[BlackTeamCountry "ENG"]

1. e4 c5 2. c3 d5 3. e5 d4 4. cxd4 cxd4 5. Nf3 Nc6 6. Bb5 Bg4 7. h3 Bxf3 8. Qxf3 Rc8 9. d3 Qa5+ 10. Bd2 Qxb5 11. b3 Qxe5+ 12. Qe4 Nf6 13. Qxe5 Nxe5 14. 0-0 e6 15. Bg5 Be7 16. Nd2 0-0 17. Ne4 Rc2 18. Rfe1 Rfc8 19. Nxf6+ gxf6 20. Bh6 Bd6 21. a4 R2c3 22. g3 Nxd3 23. Red1 e5 24. Bd2 Rxb3 25. a5 Rc2 26. Be1 e4 27. Kg2 Bc5 28. h4 f5 29. Rab1 Rbb2 30. Rxb2 Rxb2 31. Kh3 h5 32. g4 fxg4+ 33. Kg3 f5 34. a6 b5 35. Bd2 Kf7 36. Be1 f4+ 37. Kg2 Be7 38. Kh1 Bxh4 39. f3 Bxe1 40. fxe4 Nf2+ 41. Kg1 Nxd1 42. Kf1 Bh4 43. Kg1 Ke6 44. Kf1 Ne3+ 45. Kg1 Ke5 46. Kh1 Kxe4 47. Kg1 Kf5 48. Kh1 Kg6 49. Kg1 Kh7 50. Kh1 Kh8 51. Kg1 Kg8 52. Kh1 Kf8 53. Kg1 Ke8 54. Kh1 Kd8 55. Kg1 Kc8 56. Kh1 Kb8 57. Kg1 Ka8 58. Kh1 Kb8 59. Kg1 Kc7 60. Kh1 Kc6 61. Kg1 Kc5 62. Kh1 Kc4 63. Kg1 Kb3 64. Kh1 Ka2 65. Kg1 Ka1 66. Kh1 Ka2 67. Kg1 Ka3 68. Kh1 Kb3 69. Kg1 Ka4 70. Kh1 Ka5 71. Kg1 Kxa6 72. Kh1 Kb6 73. Kg1 Kc5 74. Kh1 Kd5 75. Kg1 Ke5 76. Kh1 a6 77. Kg1 Kd5 78. Kh1 Ke4 79. Kg1 Ke5 80. Kh1 a5 81. Kg1 a4 82. Kh1 a3 83. Kg1 b4 84. Kh1 a2 85. Kg1 Ke4 86. Kh1 Kd5 87. Kg1 Ke5 88. Kh1 a1N 89. Kg1 Nac2 90. Kh1 Na3 91. Kg1 Nac4 92. Kh1 Na5 93. Kg1 Nc6 94. Kh1 Na7 95. Kg1 Nb5 96. Kh1 Nc7 97. Kg1 Na8 98. Kh1 Nb6 99. Kg1 Nd7 100. Kh1 Nf6 101. Kg1 Ng8 102. Kh1 Ne7 103. Kg1 Ng6 104. Kh1 Nh8 105. Kg1 Nf7 106. Kh1 Ng5 107. Kg1 b3 108. Kh1 Rc2 109. Kg1 b2 110. Kh1 b1N 111. Kg1 Na3 112. Kh1 Nac4 113. Kg1 d3 114. Kh1 Nd6 115. Kg1 Ndf5 116. Kh1 Re2 117. Kg1 d2 118. Kh1 d1N 119. Kg1 Nb2 120. Kh1 Nd5 121. Kg1 Rc2 122. Kh1 Ne4 123. Kg1 f3 124. Kh1 Kf4 125. Kg1 Bg3 126. Kh1 Nf2+ 127. Kg1 Nc4 128. Kf1 Bh2 129. Ke1 Ra2 130. Kf1 Ng3+ 131. Ke1 Nfe4 132. Kd1 f2 133. Kc1 f1N 134. Kb1 Rd2 135. Kc1 Nfe3 136. Kb1 Nef5 137. Kc1 Nd4 138. Kb1 Ngf5 139. Kc1 Nfd6 140. Kb1 Nb7 141. Kc1 Nbc5 142. Kb1 g3 143. Kc1 g2 144. Kb1 g1N 145. Kc1 Ke3 146. Kb1 Bg3 147. Kc1 Bh4 148. Kb1 Bg5 149. Kc1 Bh6 150. Kb1 Bg7 151. Kc1 Bh8 152. Kb1 h4 153. Kc1 h3 154. Kb1 Ngf3 155. Kc1 Ne1 156. Kb1 Ned3 157. Ka1 h2 158. Kb1 Ng5 159. Ka1 Ngf3 160. Kb1 Nfe1 161. Ka1 N5b4 162. Kb1 Na4 163. Ka1 h1N 164. Kb1 Nhf2 165. Ka1 Nd1 166. Kb1 Rc2 167. Ka1 Nef3 168. Kb1 Kd2 169. Ka1 Kc3 170. Kb1 Nfd2+ 171. Ka1 Rc1# 0-1